| 000 | 00436nab a22001097u 4500 | ||
|---|---|---|---|
| 008 | 130520b2005 xxu||||| |||| 00| 0 spa d | ||
| 041 | _aspa | ||
| 100 | 1 |
_aO'gorman, Edmundo _97708 |
|
| 245 | 0 | 0 |
_aConferencia sobre "La invención de América" en el homenaje del Departamento de Historia de América de la Universidad Complutense. 1986 _cEdmundo O'Gorman |
| 773 | 0 |
_tMar Océana _gnº18,2005,págs. 155-171 _x1134-7627 _wRev268 |
|
| 942 | _cAR | ||
| 999 |
_c374502 _d374502 |
||